000 00622nam a2200229Ia 4500
003 OSt
005 20220928131313.0
006 a|||||r|||| 00| 0
007 ta
008 220927b |||||||| |||| 00| 0 eng d
024 _a63254
037 _cTextual
040 _aSDCL
_cSDCL
_beng
041 _2eng
_aeng
082 _aQ41:221, N9
100 _aTen Suttas
_9477677
245 0 _aDigha nikaya
_b Long discourses of the buddha.
260 _aDelhi
_bSri Satguru Publications
_c1999
300 _axxiv,504p.
_ccm.
942 _hQ41:221, N9
_cTEXL
_2CC
999 _c790173
_d790173